[Event "USA Junior Championship"]
[Site "St Louis USA"]
[Date "2010.07.19"]
[EventDate "2010.07.10"]
[Round "9"]
[Result "1-0"]
[White "Warren Harper"]
[Black "Ray Robson"]
[WhiteElo "2304"]
[BlackElo "2562"]
[PlyCount "79"]

1. d4 Nf6 2. c4 g6 3. Nc3 Bg7 4. g3 O-O 5. Bg2 d6 6. Nf3 Nbd7
7. O-O e5 8. e4 exd4 9. Nxd4 Re8 10. h3 a6 11. Be3 Rb8 12. a4
c5 13. Nde2 Ne5 14. b3 h5 15. Ra2 Qe7 16. Rd2 Bxh3 17. Bxh3
Nf3+ 18. Kh1 Nxd2 19. Qxd2 Nxe4 20. Nxe4 Qxe4+ 21. Bg2 Qg4
22. Bd5 h4 23. Kg2 b5 24. cxb5 axb5 25. a5 c4 26. a6 cxb3
27. a7 Rbd8 28. Rb1 b2 29. Rxb2 Bxb2 30. Qxb2 Qf5 31. Qxb5 g5
32. Nd4 Qf6 33. g4 Re5 34. Nf3 h3+ 35. Kg3 h2 36. Nxe5 Qxe5+
37. Kg2 Kg7 38. Qb7 Rf8 39. a8=Q Rxa8 40. Qxa8 1-0

[Event "Gyorgy Marx Memorial"]
[Site "Paks HUN"]
[Date "2010.08.06"]
[EventDate "2010.08.06"]
[Round "1"]
[Result "1-0"]
[White "Ferenc Berkes"]
[Black "Ray Robson"]
[WhiteElo "2670"]
[BlackElo "2562"]
[PlyCount "77"]

1. d4 d5 2. Bf4 Nf6 3. e3 c5 4. c3 Nc6 5. Nd2 Bf5 6. Qb3 Qd7
7. Ngf3 c4 8. Qd1 e6 9. Be2 b5 10. O-O Bd6 11. Bxd6 Qxd6
12. Nh4 Bg6 13. b3 Ne4 14. Nxe4 Bxe4 15. f3 Bg6 16. Nxg6 hxg6
17. f4 g5 18. g3 gxf4 19. Rxf4 e5 20. Rf2 O-O 21. Bf1 Qh6
22. Qf3 e4 23. Qe2 f5 24. a4 Na5 25. axb5 Nxb3 26. Ra6 Qg5
27. Qe1 Qe7 28. Bh3 Qd7 29. Qf1 Qxb5 30. Rd6 Rfd8 31. Rg6 Qa5
32. Bxf5 Qa1 33. Qxa1 Nxa1 34. Be6+ Kh7 35. Bf7 Rf8 36. Ra6
Nb3 37. Bxd5 Rxf2 38. Kxf2 Rf8+ 39. Ke1 1-0

[Event "Gyorgy Marx Memorial"]
[Site "Paks HUN"]
[Date "2010.08.08"]
[EventDate "2010.08.06"]
[Round "3"]
[Result "0-1"]
[White "Peter Acs"]
[Black "Ray Robson"]
[WhiteElo "2602"]
[BlackElo "2562"]
[PlyCount "144"]

1. e4 e6 2. d4 d5 3. e5 c5 4. c3 Nc6 5. Nf3 Qb6 6. a3 Nh6
7. b4 cxd4 8. cxd4 Nf5 9. Be3 f6 10. exf6 gxf6 11. Bd3 Nxe3
12. fxe3 Bh6 13. Qe2 Bd7 14. O-O O-O-O 15. Nc3 Kb8 16. Qf2 Ne7
17. Rae1 Ka8 18. Qh4 Bg7 19. Qg3 Bh6 20. Nd2 e5 21. dxe5 Rhg8
22. Qf3 fxe5 23. Bxh7 e4 24. Ndxe4 dxe4 25. Bxe4 Rdf8 26. Qe2
Rc8 27. Nd5 Nxd5 28. Bxd5 Bb5 29. Qa2 Bxe3+ 30. Kh1 Bxf1
31. Bxg8 Bb5 32. Bd5 Bf2 33. Rd1 Qe3 34. Bf3 Re8 35. Qb1 Qe1+
36. Rxe1 Rxe1+ 37. Qxe1 Bxe1 38. g4 Bd2 39. Bd1 Bc6+ 40. Kg1
b5 41. h4 Bc1 42. g5 Be8 43. Bc2 Bxa3 44. g6 Bb2 45. Kf2 Kb7
46. Kf3 Kc6 47. h5 Bg7 48. Kf4 Kd5 49. Bb3+ Kd4 50. Kg5 Bxg6
51. Kxg6 Bh8 52. Kf5 Kc3 53. Be6 Kxb4 54. Ke4 Bg7 55. Kd3 Ka3
56. Bd7 a6 57. Bc8 a5 58. Bd7 b4 59. Kc4 a4 60. Kb5 b3 61. Bf5
b2 62. Bc2 Bh6 63. Ka5 Bg5 64. Kb5 Bd2 65. Bg6 Kb3 66. Bf7+
Kc3 67. Ba2 a3 68. Ka4 b1=Q 69. Bxb1 Kb2 70. h6 Bxh6 71. Kb4
Bg7 72. Ka4 Bf8 0-1

[Event "Gyorgy Marx Memorial"]
[Site "Paks HUN"]
[Date "2010.08.12"]
[EventDate "2010.08.06"]
[Round "6"]
[Result "0-1"]
[White "Ray Robson"]
[Black "Ferenc Berkes"]
[WhiteElo "2562"]
[BlackElo "2670"]
[PlyCount "84"]

1. e4 c6 2. d4 d5 3. exd5 cxd5 4. c4 Nf6 5. Nc3 Nc6 6. Bg5 Be6
7. Be2 Qa5 8. c5 Ne4 9. Bd2 Qd8 10. Bf3 Nxd2 11. Qxd2 g6
12. Nge2 h5 13. Nf4 Bh6 14. Nce2 Bf5 15. Qc3 e6 16. g3 O-O
17. O-O e5 18. dxe5 d4 19. Qa3 d3 20. Rfd1 Nxe5 21. Bxb7 Qb8
22. Bxa8 Qxa8 23. Nd4 Bxf4 24. c6 Bh6 25. Qc5 Re8 26. Nxf5
gxf5 27. Qd5 a5 28. Re1 Bg7 29. Rad1 Rd8 30. Qg2 Nxc6 31. Re3
Qa6 32. Qf3 d2 33. Qxf5 Qc4 34. Qxh5 Qc2 35. Qe2 Nd4 36. Qh5
Nf5 37. Rb3 Qe4 38. h4 a4 39. Rb6 Nxg3 40. fxg3 Qe3+ 41. Kg2
Qxb6 42. Qg5 Qb7+ 0-1

[Event "Gyorgy Marx Memorial"]
[Site "Paks HUN"]
[Date "2010.08.14"]
[EventDate "2010.08.06"]
[Round "8"]
[Result "0-1"]
[White "Ray Robson"]
[Black "Peter Acs"]
[WhiteElo "2562"]
[BlackElo "2602"]
[PlyCount "120"]

1. e4 e5 2. Nf3 Nc6 3. Bc4 Bc5 4. c3 Nf6 5. d3 a6 6. Bb3 O-O
7. O-O Ba7 8. h3 d6 9. Nbd2 Be6 10. Bc2 Qc8 11. Re1 Bxh3
12. gxh3 Qxh3 13. Nf1 Qg4+ 14. Kh1 Qh3+ 15. Kg1 Qg4+ 16. Kh1
Qh3+ 17. N3h2 Bxf2 18. Re2 Ng4 19. Qd2 f5 20. Rxf2 fxe4
21. Bb3+ Kh8 22. Rf7 Rxf7 23. Bxf7 e3 24. Qg2 Nf2+ 25. Kg1
Qxg2+ 26. Kxg2 e2 27. Bd2 exf1=Q+ 28. Rxf1 Nxd3 29. Bd5 Re8
30. b4 Nd8 31. Rf3 Nb2 32. Ng4 c6 33. Bf7 Rf8 34. Bb3 Rxf3
35. Kxf3 h6 36. Be3 b5 37. Bb6 Nb7 38. Be6 Na4 39. Bc7 Nxc3
40. Bc8 Nd5 41. Bb8 Nd8 42. Bxd6 Nf7 43. Bc5 h5 44. Nf2 Ng5+
45. Kg3 e4 46. Nd1 Nf3 47. Bxa6 h4+ 48. Kg4 Ne5+ 49. Kxh4 Nd3
50. a3 Nxc5 51. bxc5 e3 52. Nb2 e2 53. Nd3 b4 54. Ne1 bxa3
55. Bxe2 Ne3 56. Bc4 Nxc4 57. Nc2 a2 58. Kg5 Kh7 59. Na1 Na5
60. Kf5 Kh6 0-1

[Event "Spice Cup"]
[Site "Lubbock USA"]
[Date "2010.10.28"]
[EventDate "2010.10.28"]
[Round "1"]
[Result "1/2-1/2"]
[White "Ray Robson"]
[Black "Georg Meier"]
[WhiteElo "2539"]
[BlackElo "2659"]
[PlyCount "68"]

1. e4 e6 2. d4 d5 3. Nc3 Nf6 4. e5 Nfd7 5. Nce2 c5 6. c3 Nc6
7. f4 Qb6 8. Nf3 f6 9. g3 cxd4 10. cxd4 fxe5 11. fxe5 Bb4+
12. Nc3 O-O 13. Bf4 Ndxe5 14. Bxe5 Nxe5 15. Nxe5 Bxc3+
16. bxc3 Qb2 17. Qc1 Qf2+ 18. Kd1 Qxf1+ 19. Rxf1 Rxf1+ 20. Kd2
Rxc1 21. Rxc1 b6 22. Rf1 Rb8 23. Rf7 Rb7 24. Rxb7 Bxb7 25. h4
Kf8 26. g4 Ke7 27. a3 Kd6 28. g5 Bc6 29. Kc2 Ba4+ 30. Kb2 Bd1
31. Kc1 Bh5 32. Kb2 Bd1 33. Kc1 Bh5 34. Kb2 Bd1 1/2-1/2

[Event "Spice Cup"]
[Site "Lubbock USA"]
[Date "2010.10.31"]
[EventDate "2010.10.28"]
[Round "4"]
[Result "1/2-1/2"]
[White "Eugene Perelshteyn"]
[Black "Ray Robson"]
[WhiteElo "2528"]
[BlackElo "2539"]
[PlyCount "46"]

1. Nf3 Nf6 2. g3 g6 3. c4 Bg7 4. Bg2 O-O 5. O-O d6 6. Nc3 Nc6
7. d3 e5 8. Rb1 a5 9. a3 Nd4 10. Nd2 c6 11. e3 Ne6 12. b4 axb4
13. axb4 d5 14. Nb3 Qd6 15. Bd2 Bd7 16. c5 Qe7 17. Na5 Rab8
18. e4 dxe4 19. dxe4 Nd4 20. Ne2 Nb5 21. Nc3 Nd4 22. Ne2 Nb5
23. Nc3 Ra8 1/2-1/2

[Event "Spice Cup"]
[Site "Lubbock USA"]
[Date "2010.11.03"]
[EventDate "2010.10.28"]
[Round "6"]
[Result "1-0"]
[White "Georg Meier"]
[Black "Ray Robson"]
[WhiteElo "2659"]
[BlackElo "2539"]
[PlyCount "73"]

1. Nf3 Nf6 2. c4 g6 3. Nc3 Bg7 4. e4 d6 5. d4 O-O 6. Be2 e5
7. O-O Nc6 8. d5 Ne7 9. Ne1 Nd7 10. Nd3 f5 11. Bd2 Kh8 12. f3
f4 13. Rc1 h5 14. c5 a6 15. cxd6 cxd6 16. Qc2 Nf6 17. Nb1 Ne8
18. Na3 Bd7 19. Nc4 Nc8 20. g3 g5 21. Kh1 Bf6 22. Rg1 b5
23. Na5 fxg3 24. hxg3 Qe7 25. Nc6 Qh7 26. Kg2 Ng7 27. Nf2 Qg6
28. a4 bxa4 29. Qxa4 Rf7 30. Rh1 Kg8 31. b4 g4 32. fxg4 h4
33. gxh4 Nh5 34. Qd1 Nb6 35. g5 Nf4+ 36. Bxf4 exf4 37. Bh5 1-0

[Event "Spice Cup"]
[Site "Lubbock USA"]
[Date "2010.11.04"]
[EventDate "2010.10.28"]
[Round "7"]
[Result "1/2-1/2"]
[White "Zoltan Almasi"]
[Black "Ray Robson"]
[WhiteElo "2707"]
[BlackElo "2539"]
[PlyCount "150"]

1. Nf3 Nf6 2. c4 e6 3. g3 d5 4. Bg2 dxc4 5. Qa4+ c6 6. Qxc4 b5
7. Qc2 Bb7 8. O-O Nbd7 9. d3 Be7 10. Nc3 O-O 11. e4 Rc8
12. Rd1 a6 13. a4 Qb6 14. Be3 c5 15. axb5 axb5 16. h3 Rfd8
17. Rdc1 h6 18. Qb1 Bc6 19. b4 Qb8 20. bxc5 Nxc5 21. Nd4 Be8
22. Ncxb5 Bxb5 23. Nxb5 Nxd3 24. Rxc8 Qxc8 25. Bb6 Rd7 26. Nc7
Nxf2 27. Qc2 N2xe4 28. Ra8 Bc5+ 29. Bxc5 Rxc7 30. Bxe4 Nxe4
31. Rxc8+ Rxc8 32. Qxe4 Rxc5 33. Qa8+ Kh7 34. Qa7 Rf5 35. Qd4
g6 36. g4 Rd5 37. Qf6 Kg8 38. Kf2 h5 39. Ke3 hxg4 40. hxg4 Rd7
41. Ke4 Rd5 42. Kf4 Rb5 43. Qc3 Rd5 44. Qb2 Rc5 45. Qf6 Rb5
46. Ke4 Rd5 47. Qb2 Kh7 48. Ke3 Rd7 49. Qb4 Kg8 50. Qb8+ Kg7
51. Qe5+ Kg8 52. Qb8+ Kg7 53. Qe8 Rd5 54. Ke4 Rd1 55. Qc8 Rd5
56. Qb8 Rd2 57. Qc7 Rd5 58. Qc8 Rg5 59. Qc3+ Kg8 60. Qc1 Rd5
61. Qc3 Kh7 62. Qf6 Kg8 63. Ke3 Rd7 64. Qe5 Rd5 65. Qc7 Kg7
66. Qb8 Rd7 67. Qc8 Rd6 68. Qc3+ Kg8 69. Ke4 Rd5 70. Kf4 Kh7
71. Ke4 Kg8 72. Qc7 Kf8 73. Qb8+ Kg7 74. Qc8 Rg5 75. Qc3+ Kg8
1/2-1/2

[Event "Spice Cup"]
[Site "Lubbock USA"]
[Date "2010.11.06"]
[EventDate "2010.10.28"]
[Round "9"]
[Result "1-0"]
[White "Ray Robson"]
[Black "Eugene Perelshteyn"]
[WhiteElo "2539"]
[BlackElo "2528"]
[PlyCount "27"]

1. e4 e5 2. Nf3 Nc6 3. Bc4 Bc5 4. b4 Bxb4 5. c3 Be7 6. d4 Na5
7. Nxe5 Nxc4 8. Nxc4 d5 9. exd5 Qxd5 10. Ne3 Qa5 11. O-O Nf6
12. c4 O-O 13. Bd2 Qh5 14. Nd5 1-0

[Event "Tradewise Gibraltar"]
[Site "Caleta ENG"]
[Date "2011.01.30"]
[EventDate "2011.01.25"]
[Round "6"]
[Result "1-0"]
[White "Ray Robson"]
[Black "Leon David Piasetski"]
[WhiteElo "2532"]
[BlackElo "2303"]
[PlyCount "51"]

1. e4 g6 2. d4 Bg7 3. Nc3 d6 4. f4 a6 5. Nf3 Nd7 6. e5 Nb6
7. Bd3 Nh6 8. Be3 c6 9. Qe2 Qc7 10. O-O-O Nd5 11. Nxd5 cxd5
12. h3 Bf5 13. g4 Bxd3 14. Qxd3 e6 15. Kb1 Bf8 16. Rhf1 O-O-O
17. Rc1 Kb8 18. c4 dxc4 19. Rxc4 Qa5 20. Rfc1 Qd5 21. Nd2 dxe5
22. fxe5 f6 23. Qc2 Nf7 24. Ne4 Be7 25. Rc7 Rd7 26. exf6 1-0

[Event "Tradewise Gibraltar"]
[Site "Caleta ENG"]
[Date "2011.02.01"]
[EventDate "2011.01.25"]
[Round "8"]
[Result "1-0"]
[White "Ray Robson"]
[Black "Espen Forsaa"]
[WhiteElo "2532"]
[BlackElo "2306"]
[PlyCount "79"]

1. e4 c5 2. Nf3 d6 3. d4 cxd4 4. Nxd4 Nf6 5. Nc3 a6 6. Bg5 e6
7. f4 Qb6 8. Qd3 Qxb2 9. Rb1 Qa3 10. f5 Be7 11. Be2 Qa5
12. Bd2 Qc7 13. fxe6 fxe6 14. g4 h6 15. Qh3 O-O 16. g5 hxg5
17. Nxe6 Qc6 18. Rf1 Re8 19. Nd5 Bd8 20. Nxd8 Qxd5 21. exd5
Bxh3 22. Nxb7 Ne4 23. Rf3 Bg2 24. Re3 Nd7 25. c4 Ne5 26. Rbb3
g4 27. Rxe4 Bxe4 28. Nxd6 Nd3+ 29. Kd1 Nf2+ 30. Kc1 Rf8
31. Bc3 Ra7 32. Bd4 Rc7 33. Kd2 Bg6 34. Rb6 Rd7 35. c5 Kh7
36. Rxa6 Ne4+ 37. Nxe4 Rxd5 38. Ke3 Re8 39. Bd3 Rf5 40. Kd2
1-0

[Event "US Championship (Group A)"]
[Site "Saint Louis USA"]
[Date "2011.04.16"]
[EventDate "2011.04.15"]
[Round "2"]
[Result "1/2-1/2"]
[White "Jaan Ehlvest"]
[Black "Ray Robson"]
[WhiteElo "2586"]
[BlackElo "2522"]
[PlyCount "91"]

1. c4 e6 2. Nf3 d5 3. e3 Nf6 4. Nc3 c6 5. b3 Nbd7 6. Bb2 Bd6
7. d4 O-O 8. Rc1 e5 9. cxd5 cxd5 10. dxe5 Nxe5 11. Be2 Nxf3+
12. Bxf3 Be5 13. O-O Be6 14. Rc2 Rc8 15. Ne2 Qd6 16. Bxe5 Qxe5
17. Nd4 Rxc2 18. Qxc2 Rc8 19. Qd2 Qc7 20. h3 Qc3 21. Qxc3 Rxc3
22. Rd1 Kf8 23. Be2 Ke7 24. Bd3 a6 25. f3 Nd7 26. Kf2 Ne5
27. Ke2 Nc6 28. Kd2 Rc5 29. Nxc6+ Rxc6 30. Rc1 Rxc1 31. Kxc1
Kd6 32. Kb2 h6 33. h4 g5 34. hxg5 hxg5 35. b4 Ke5 36. Kc3 f5
37. g3 f4 38. exf4+ gxf4 39. gxf4+ Kxf4 40. Kd4 Kxf3 41. a4
Kf2 42. a5 Ke1 43. Ke5 Bg4 44. Bg6 Kd2 45. Kd4 Bd7 46. Bf7
1/2-1/2

[Event "US Championship (Group A)"]
[Site "Saint Louis USA"]
[Date "2011.04.18"]
[EventDate "2011.04.15"]
[Round "4"]
[Result "0-1"]
[White "Alexander Stripunsky"]
[Black "Ray Robson"]
[WhiteElo "2578"]
[BlackElo "2522"]
[PlyCount "48"]

1. e4 e6 2. Qe2 Nf6 3. f4 d5 4. e5 Nfd7 5. Nf3 c5 6. g3 b6
7. b3 c4 8. bxc4 Ba6 9. Bg2 Bxc4 10. d3 Ba6 11. f5 Nc6 12. O-O
Bc5+ 13. Kh1 O-O 14. Bb2 exf5 15. e6 Qe7 16. exf7+ Qxf7
17. Ng5 Rae8 18. Qf3 Nde5 19. Qxd5 Qxd5 20. Bxd5+ Kh8 21. Ne6
Nb4 22. Nxf8 Nxd5 23. Bxe5 Bb7 24. h4 Rxe5 0-1

[Event "Finegold-Robson Match"]
[Site "Saint Louis USA"]
[Date "2011.05.17"]
[EventDate "2011.05.16"]
[Round "1"]
[Result "0-1"]
[White "Benjamin Finegold"]
[Black "Ray Robson"]
[WhiteElo "2494"]
[BlackElo "2545"]
[PlyCount "102"]

1. e4 c5 2. c3 Nf6 3. e5 Nd5 4. d4 cxd4 5. Nf3 Nc6 6. Bc4 Nb6
7. Bb3 d5 8. exd6 Qxd6 9. O-O Be6 10. Bxe6 Qxe6 11. Nxd4 Nxd4
12. cxd4 Qd7 13. Bf4 e6 14. Be5 Qc6 15. Qg4 h5 16. Qe2 Nd5
17. Nc3 f6 18. Nxd5 Qxd5 19. Bf4 Be7 20. Rad1 Kf7 21. a3 Rac8
22. Rfe1 Rc4 23. Be3 Rhc8 24. h3 g6 25. Qd3 Rc2 26. Rd2 Rc1
27. Rxc1 Rxc1+ 28. Rd1 Rc4 29. Qb1 a6 30. Rc1 Qc6 31. Rxc4
Qxc4 32. Qd1 Qc6 33. Qd3 b5 34. Bd2 Qc4 35. Qe3 Qc2 36. Bc3
Qb1+ 37. Kh2 Bd6+ 38. g3 h4 39. Qf3 hxg3+ 40. fxg3 Qc2+
41. Kh1 g5 42. d5 e5 43. Qg4 Bc5 44. Be1 Qd3 45. Kg2 Qxd5+
46. Qf3 e4 47. Qe2 Qd4 48. h4 Qg1+ 49. Kh3 Qh1+ 50. Kg4 Kg6
51. h5+ Qxh5+ 0-1

[Event "Finegold-Robson Match"]
[Site "Saint Louis USA"]
[Date "2011.05.20"]
[EventDate "2011.05.16"]
[Round "4"]
[Result "1/2-1/2"]
[White "Ray Robson"]
[Black "Benjamin Finegold"]
[WhiteElo "2545"]
[BlackElo "2494"]
[PlyCount "60"]

1. e4 c5 2. Nf3 Nc6 3. d4 cxd4 4. Nxd4 g6 5. Nc3 Bg7 6. Be3
Nf6 7. Bc4 O-O 8. Bb3 d6 9. f3 Bd7 10. Qd2 Nxd4 11. Bxd4 b5
12. a4 b4 13. Nd5 Nxd5 14. Bxg7 Kxg7 15. exd5 Qa5 16. h4 h5
17. g4 Rh8 18. Qd4+ f6 19. Kf2 Qb6 20. Qxb6 axb6 21. Kg3 hxg4
22. fxg4 f5 23. Rae1 Rhe8 24. Rhf1 fxg4 25. Rf4 Bxa4 26. Rxg4
Bxb3 27. cxb3 Ra5 28. Rg5 e5 29. dxe6 Rxg5+ 30. hxg5 Kf8
1/2-1/2

[Event "Finegold-Robson Match"]
[Site "Saint Louis USA"]
[Date "2011.05.21"]
[EventDate "2011.05.16"]
[Round "5"]
[Result "1/2-1/2"]
[White "Benjamin Finegold"]
[Black "Ray Robson"]
[WhiteElo "2494"]
[BlackElo "2545"]
[PlyCount "273"]

1. e4 c5 2. c3 Nf6 3. e5 Nd5 4. Nf3 Nc6 5. d4 cxd4 6. Bc4 Nb6
7. Bb3 d5 8. exd6 Qxd6 9. O-O Be6 10. Na3 dxc3 11. Qe2 Bxb3
12. Nb5 Qb8 13. axb3 e5 14. Nbd4 f6 15. bxc3 Kf7 16. Nxc6 bxc6
17. Qe4 Qd6 18. Be3 Nd5 19. c4 Nc7 20. Rfd1 Qe6 21. Ra5 Be7
22. g3 Rhd8 23. Rxd8 Rxd8 24. Qxh7 Qg4 25. Kg2 e4 26. Ng1 Ne6
27. Rxa7 Ng5 28. Bxg5 fxg5 29. h3 Qe6 30. Ra2 Bf6 31. Re2 Re8
32. Qh5+ g6 33. Qg4 Qf5 34. b4 Bc3 35. b5 cxb5 36. cxb5 Qxg4
37. hxg4 Rb8 38. Rc2 Bf6 39. Rc5 Be7 40. Re5 Kf6 41. Rxe4 Rxb5
42. Nf3 Ra5 43. Rc4 Rb5 44. Nd2 Ra5 45. Ne4+ Ke6 46. Rc7 Ra4
47. Nc3 Rxg4 48. Rc6+ Kf7 49. Nd5 Rd4 50. Ne3 Bd6 51. Nc4 Bb8
52. Kf3 Kg7 53. Rc8 Bd6 54. Rc6 Be7 55. Ne5 Bd6 56. Ng4 Kf7
57. Ra6 Ke6 58. Ne3 Kf7 59. Ra5 Be7 60. Ng4 Rd6 61. Ra7 Re6
62. Ne3 Re5 63. Rb7 Ke6 64. Ng4 Rc5 65. Rb6+ Kf7 66. Ra6 Rc3+
67. Ke2 Rc5 68. Kd3 Rb5 69. Ne3 Rb2 70. f3 Rb3+ 71. Ke4 Rb4+
72. Ke5 Rb3 73. Nd5 Rb7 74. Rc6 Bd8 75. Ke4 Ra7 76. Ne3 Re7+
77. Kd3 Rd7+ 78. Ke4 Re7+ 79. Kd4 Re6 80. Rxe6 Kxe6 81. Nd5
Ba5 82. Ke4 Be1 83. g4 Ba5 84. Ne3 Bb6 85. Nc4 Bc5 86. Ne5 Bd6
87. Nxg6 Bc7 88. Nf8+ Kf7 89. Nd7 Ke6 90. Nc5+ Kd6 91. Nb3 Ke6
92. Nd4+ Kf6 93. Kd5 Bf4 94. Ne2 Be5 95. Nc1 Bg3 96. Nd3 Bh2
97. Nc5 Bf4 98. Ne4+ Ke7 99. Nf2 Kf6 100. Nd3 Bh2 101. Nc5 Bf4
102. Kc6 Ke7 103. Ne4 Ke6 104. Nf2 Ke7 105. Nd3 Bh2 106. Nc5
Bf4 107. Kd5 Kf6 108. Ne6 Bg3 109. Nd4 Be5 110. Nf5 Bf4
111. Nd6 Ke7 112. Nc8+ Kf6 113. Nb6 Ke7 114. Na4 Kf6 115. Nc5
Kf7 116. Ne6 Be3 117. Ke5 Kg6 118. Nd8 Bb6 119. Nc6 Bc7+
120. Ke6 Bf4 121. Ne7+ Kg7 122. Kf5 Bd2 123. Nd5 Bc1 124. Nc3
Be3 125. Ne4 Kh6 126. Kf6 Bd4+ 127. Kf7 Be3 128. Nf6 Bd2
129. Nd5 Bc1 130. Kf6 Bb2+ 131. Kf5 Bc1 132. Nc7 Kg7 133. Ne8+
Kf7 134. Nf6 Kg7 135. Nh5+ Kh6 136. Ng3 Bf4 137. Ne4 1/2-1/2

[Event "Finegold-Robson Match"]
[Site "Saint Louis USA"]
[Date "2011.05.22"]
[EventDate "2011.05.16"]
[Round "6"]
[Result "1-0"]
[White "Ray Robson"]
[Black "Benjamin Finegold"]
[WhiteElo "2545"]
[BlackElo "2494"]
[PlyCount "57"]

1. e4 c5 2. Nf3 Nc6 3. Nc3 g6 4. d4 cxd4 5. Nxd4 Bg7 6. Be3
Nf6 7. Bc4 O-O 8. Bb3 d6 9. f3 Bd7 10. h4 Nxd4 11. Bxd4 b5
12. h5 a5 13. hxg6 hxg6 14. Nd5 Be6 15. Nxf6+ exf6 16. Qd3 d5
17. Qxb5 dxe4 18. O-O-O Bxb3 19. Qxb3 a4 20. Qe3 a3 21. b3
exf3 22. Qxf3 Re8 23. g4 Rc8 24. Kb1 Qe7 25. Qh3 Qe4 26. g5
Qxc2+ 27. Ka1 Re2 28. Qh7+ Kf8 29. Qxg7+ 1-0

[Event "Finegold-Robson Match (Rapid)"]
[Site "Saint Louis USA"]
[Date "2011.05.24"]
[EventDate "2011.05.24"]
[Round "2"]
[Result "1/2-1/2"]
[White "Ray Robson"]
[Black "Benjamin Finegold"]
[WhiteElo "2545"]
[BlackElo "2494"]
[PlyCount "83"]

1. e4 c5 2. Nf3 Nc6 3. Bb5 e6 4. O-O Nge7 5. c3 a6 6. Ba4 b5
7. Bc2 Bb7 8. d4 cxd4 9. Nxd4 Ng6 10. a4 b4 11. Nxc6 Bxc6
12. cxb4 Bxb4 13. Qd4 Bf8 14. f4 Rc8 15. Kh1 Qf6 16. Qd3 a5
17. Nc3 Bb4 18. Be3 O-O 19. Ne2 Qe7 20. Nd4 Ba8 21. Rad1 f5
22. exf5 exf5 23. Bb3+ Kh8 24. Nf3 Rce8 25. Bc1 h6 26. Bd5
Bxd5 27. Qxd5 Qe4 28. g3 Qc2 29. Nd4 Qe4+ 30. Qxe4 Rxe4
31. Nc2 Rc8 32. Nxb4 axb4 33. Rxd7 Nf8 34. Rf7 Re2 35. Rxf5
Rcc2 36. Rxf8+ Kh7 37. Rd1 Rxh2+ 38. Kg1 Rhg2+ 39. Kf1 Rgf2+
40. Kg1 Rg2+ 41. Kf1 Rcf2+ 42. Ke1 1/2-1/2

[Event "Finegold-Robson Match (Rapid)"]
[Site "Saint Louis USA"]
[Date "2011.05.25"]
[EventDate "2011.05.24"]
[Round "3"]
[Result "0-1"]
[White "Benjamin Finegold"]
[Black "Ray Robson"]
[WhiteElo "2494"]
[BlackElo "2545"]
[PlyCount "194"]

1. d4 d5 2. Nc3 Nf6 3. Bg5 e6 4. e3 c5 5. Nf3 Nc6 6. Bb5 Bd7
7. O-O cxd4 8. exd4 Be7 9. Ne2 O-O 10. c3 Ne4 11. Bxe7 Qxe7
12. Bd3 Rac8 13. Nd2 Nf6 14. Ng3 e5 15. Re1 Qd6 16. dxe5 Nxe5
17. Bf1 Rcd8 18. h3 Rfe8 19. Nb3 g6 20. Qd4 Nc6 21. Qd2 Re5
22. Rxe5 Qxe5 23. Re1 Ne4 24. Qd3 Qg5 25. Nxe4 dxe4 26. Qxe4
Bxh3 27. f4 Qg3 28. Re3 Bxg2 29. Rxg3 Bxe4 30. Nc5 Bb1
31. Nxb7 Rd2 32. b4 Ne7 33. a4 Nd5 34. a5 Nxf4 35. Nc5 h5
36. b5 Rb2 37. Na4 Ra2 38. b6 axb6 39. axb6 Be4 40. Nc5 Bc6
41. c4 h4 42. Re3 g5 43. Ne4 h3 44. c5 h2+ 45. Kh1 Ra1
46. Kxh2 Rxf1 47. Nxg5 Rc1 48. Re7 f6 49. Ne4 Kf8 50. b7 Rb1
51. Rc7 Bxb7 52. c6 Ba6 53. Nxf6 Rc1 54. Nh7+ Kg8 55. Nf6+ Kf8
56. Kg3 Ne6 57. Nh7+ Kg8 58. Nf6+ Kf8 59. Nh7+ Ke8 60. Nf6+
Kd8 61. Rd7+ Kc8 62. Rd6 Nc7 63. Nd7 Nb5 64. Rh6 Kc7 65. Ne5
Bc8 66. Kf4 Rf1+ 67. Ke3 Re1+ 68. Kf4 Nd4 69. Nd3 Rf1+ 70. Ke4
Nxc6 71. Rh7+ Kb6 72. Rh6 Kb5 73. Ke3 Rf8 74. Rh5+ Kb6 75. Rh6
Kc7 76. Rh7+ Kb6 77. Rh6 Re8+ 78. Kd2 Kb5 79. Kc3 Ne7 80. Rh5+
Kc6 81. Re5 Nd5+ 82. Kd4 Rd8 83. Ke4 Nf6+ 84. Kf4 Rxd3 85. Ra5
Nd5+ 86. Ke4 Rd1 87. Ra8 Bb7 88. Rh8 Kc5 89. Kf3 Rf1+ 90. Ke2
Ba6+ 91. Kd2 Rf2+ 92. Ke1 Re2+ 93. Kd1 Ne3+ 94. Kc1 Bc4
95. Rb8 Kd4 96. Rd8+ Kc3 97. Rd3+ Kxd3 0-1

[Event "Finegold-Robson Match (Rapid)"]
[Site "Saint Louis USA"]
[Date "2011.05.25"]
[EventDate "2011.05.24"]
[Round "4"]
[Result "1/2-1/2"]
[White "Ray Robson"]
[Black "Benjamin Finegold"]
[WhiteElo "2545"]
[BlackElo "2494"]
[PlyCount "90"]

1. e4 c5 2. Nf3 Nc6 3. Bb5 e6 4. O-O Nge7 5. c3 a6 6. Ba4 b5
7. Bc2 Bb7 8. a4 d5 9. exd5 Nxd5 10. d4 cxd4 11. Nxd4 Nxd4
12. Qxd4 Qf6 13. Qg4 Bd6 14. Nd2 h5 15. Qd1 Bc7 16. Ne4 Qh4
17. g3 Qh3 18. Qf3 Qg4 19. Qd3 Rd8 20. f3 Qg6 21. Qe2 Bb6+
22. Kg2 f5 23. Ng5 O-O 24. axb5 axb5 25. Qxe6+ Qxe6 26. Nxe6
Rde8 27. Nxf8 Re2+ 28. Kh1 Rxc2 29. Nd7 Bf2 30. Ne5 Nf6
31. Rxf2 Rxf2 32. Kg1 Re2 33. Bf4 Rxb2 34. Ra7 Bd5 35. Bg5 Re2
36. Bxf6 gxf6 37. Nd7 Bxf3 38. Nxf6+ Kf8 39. Nh7+ Ke8 40. Nf6+
Kd8 41. Rd7+ Kc8 42. Rd4 Rg2+ 43. Kf1 Rxh2 44. Rf4 Bg4
45. Nxg4 fxg4 1/2-1/2

[Event "39th World Open"]
[Site "Philadelphia USA"]
[Date "2011.07.01"]
[EventDate "2011.06.30"]
[Round "2"]
[Result "1-0"]
[White "Ray Robson"]
[Black "Kayden W Troff"]
[WhiteElo "2545"]
[BlackElo "2255"]
[PlyCount "71"]

1. e4 c5 2. Nf3 g6 3. c3 Bg7 4. d4 cxd4 5. cxd4 d5 6. e5 Nc6
7. Bb5 Nh6 8. O-O O-O 9. h3 f6 10. Re1 fxe5 11. Bxc6 bxc6
12. Nxe5 Qd6 13. Bxh6 Bxh6 14. Nc3 Qf6 15. Qe2 Rb8 16. Rad1
Bf4 17. Na4 Rb4 18. Nc5 Bxe5 19. dxe5 Qh4 20. e6 Rf5 21. b3
Rbf4 22. Nd3 Re4 23. Qc2 Bxe6 24. Qxc6 Rg5 25. Rxe4 Rxg2+
26. Kf1 Qxe4 27. Qe8+ Kg7 28. Qxe7+ Kg8 29. Nc5 Rxf2+ 30. Kxf2
Qf4+ 31. Ke2 Qe5+ 32. Kd2 Qb2+ 33. Kd3 Bf5+ 34. Ke3 d4+
35. Rxd4 Qc1+ 36. Ke2 1-0

[Event "39th World Open"]
[Site "Philadelphia USA"]
[Date "2011.07.01"]
[EventDate "2011.06.30"]
[Round "3"]
[Result "1-0"]
[White "Ray Robson"]
[Black "Nick DeFirmian"]
[WhiteElo "2545"]
[BlackElo "2526"]
[PlyCount "117"]

1. e4 c5 2. Nf3 Nc6 3. d4 cxd4 4. Nxd4 Qb6 5. Nb3 Nf6 6. Nc3
e6 7. Bd3 Be7 8. Be3 Qc7 9. f4 d6 10. Qf3 a6 11. O-O O-O
12. a3 b5 13. Rae1 b4 14. axb4 Nxb4 15. e5 Nfd5 16. Nxd5 exd5
17. Bd4 Nxd3 18. Qxd3 a5 19. Qg3 g6 20. f5 Bxf5 21. Rxf5 a4
22. Nd2 Qxc2 23. Rf2 Qc7 24. exd6 Bxd6 25. Qg5 Rae8 26. Rff1
Rxe1 27. Rxe1 Bxh2+ 28. Kf2 Qf4+ 29. Nf3 Qxg5 30. Nxg5 Bf4
31. Nf3 Bd6 32. Ra1 Ra8 33. Nd2 f6 34. Nb1 Kf7 35. Nc3 a3
36. Nb1 Ra4 37. Ke3 Ke6 38. Nxa3 Be5 39. Rd1 Rb4 40. Nc2 Rb7
41. b4 h5 42. Bc5 g5 43. Nd4+ Kd7 44. Ra1 Bf4+ 45. Kd3 h4
46. Ra6 Be5 47. Nf3 Bg3 48. Rxf6 g4 49. Nd4 h3 50. gxh3 gxh3
51. Rf7+ Kc8 52. Rf8+ Kd7 53. Rh8 h2 54. Nf3 Bd6 55. Kd4 Rb8
56. Rh7+ Kc6 57. Bxd6 Kxd6 58. Rh6+ Ke7 59. Kc5 1-0

[Event "39th World Open"]
[Site "Philadelphia USA"]
[Date "2011.07.02"]
[EventDate "2011.06.30"]
[Round "4"]
[Result "0-1"]
[White "Robert Andrew Hungaski"]
[Black "Ray Robson"]
[WhiteElo "2452"]
[BlackElo "2545"]
[PlyCount "78"]

1. d4 d5 2. c4 e6 3. Nf3 Nf6 4. e3 a6 5. b3 c5 6. Bb2 Nc6
7. Nbd2 Bd6 8. Bd3 O-O 9. O-O cxd4 10. exd4 Bd7 11. a3 dxc4
12. bxc4 b5 13. Ne5 Be8 14. Qf3 Rc8 15. cxb5 axb5 16. Qh3 Ne7
17. Ndf3 Ned5 18. g3 Qe7 19. Rfe1 h6 20. Nh4 Ra8 21. Bc1 Bb4
22. Bxh6 Bxe1 23. Nhf3 Bc3 24. Bg5 Bxa1 25. Ng4 g6 26. Qh4
Rxa3 27. Be4 Nxe4 28. Bxe7 Nxe7 29. Ng5 Nxg5 30. Qxg5 Nd5
31. h4 Bxd4 32. Nh6+ Kg7 33. h5 Bf6 34. Qd2 gxh5 35. g4 Ra1+
36. Kg2 Bc6 37. f3 Rfa8 38. Kg3 R8a2 39. Nf5+ exf5 0-1